الإيدز و الصحة و الناس / (رقم التسجيلة. 103745)

تفاصيل مارك
000 -LEADER
fixed length control field 00622nam a22002057a 4500
005 - DATE AND TIME OF LATEST TRANSACTION
control field 20251108173430.0
008 - FIXED-LENGTH DATA ELEMENTS--GENERAL INFORMATION
fixed length control field 250721s2005 xx 000 0 ara d
020 ## - INTERNATIONAL STANDARD BOOK NUMBER
International Standard Book Number 9953901880
082 14 - DEWEY DECIMAL CLASSIFICATION NUMBER
Classification number 616.079/غرا
100 1# - MAIN ENTRY--PERSONAL NAME
Personal name غرانيش، روبين
Relator term مؤلف
245 10 - TITLE STATEMENT
Title الإيدز و الصحة و الناس /
264 1# - PRODUCTION, PUBLICATION, DISTRIBUTION, MANUFACTURE, AND COPYRIGHT NOTICE
Place of production, publication, distribution, manufacture بيروت :
Name of producer, publisher, distributor, manufacturer ورشة الموارد العربية،
Date of production, publication, distribution, manufacture, or copyright notice 2005.
300 ## - PHYSICAL DESCRIPTION
Extent 258ص.
650 17 - SUBJECT ADDED ENTRY--TOPICAL TERM
Topical term or geographic name as entry element الإيدز
650 17 - SUBJECT ADDED ENTRY--TOPICAL TERM
Topical term or geographic name as entry element الأمراض المعدية
700 1# - ADDED ENTRY--PERSONAL NAME
Personal name ميرمين، جوناثان
700 1# - ADDED ENTRY--PERSONAL NAME
Personal name صفير، منى
Relator term رسام
942 ## - ADDED ENTRY ELEMENTS (KOHA)
Source of classification or shelving scheme Dewey Decimal Classification
Koha item type كتب
المقتنيات
حالة السحب حالة الفقدان مصدر التصنيف حالة التلف غير قابل للإعارة المكتبة الرئيسية المكتبة الحالية موقع الرف تاريخ التزويد الرقم المتسلسل Total Checkouts رقم الإستدعاء الباركود تاريخ آخر ظهور تاريخ الفاتورة نوع المادة (كوها)
    Dewey Decimal Classification     مكتبة الأميرة ايمان العامة مكتبة الأميرة ايمان العامة الإعارة 28/07/2025 1051631   616.079/غرا 1051631 28/07/2025 28/07/2025 كتب
    Dewey Decimal Classification     مكتبة الاميرة بديعة مكتبة الاميرة بديعة الإعارة 28/07/2025 1051634   616.079/غرا 1051634 28/07/2025 28/07/2025 كتب
    Dewey Decimal Classification     مكتبة الجويدة مكتبة الجويدة الإعارة 28/07/2025 1051635   616.079/غرا 1051635 28/07/2025 28/07/2025 كتب
    Dewey Decimal Classification     مكتبة صويلح العامة مكتبة صويلح العامة الإعارة 28/07/2025 1051632   616.079/غرا 1051632 28/07/2025 28/07/2025 كتب
Implemented & Customized by: BBB with SCIT (Smart Chains for Information Technology)

Powered by Koha